Library Banner

Heroic deeds of Muslim women/ (Record no. 96147)

MARC details
000 -LEADER
fixed length control field 00384nam a22001457a 4500
005 - DATE AND TIME OF LATEST TRANSACTION
control field 20180228105719.0
008 - FIXED-LENGTH DATA ELEMENTS--GENERAL INFORMATION
fixed length control field 170801b xxu||||| |||| 00| 0 eng d
040 ## - CATALOGING SOURCE
Transcribing agency PK-LaUMT
082 ## - DEWEY DECIMAL CLASSIFICATION NUMBER
Classification number ZIAC 297.082
Item number SUL-H
100 ## - MAIN ENTRY--PERSONAL NAME
Personal name Sulaiman Nadvi
245 ## - TITLE STATEMENT
Title Heroic deeds of Muslim women/
Statement of responsibility, etc Sulaiman Nadvi
260 ## - PUBLICATION, DISTRIBUTION, ETC. (IMPRINT)
Place of publication, distribution, etc Lahore;
Name of publisher, distributor, etc Sh. Muhammad Ashraf,
Date of publication, distribution, etc 1961
300 ## - PHYSICAL DESCRIPTION
Extent 62 p.
942 ## - ADDED ENTRY ELEMENTS (KOHA)
Koha item type Books
Holdings
Withdrawn status Lost status Damaged status Home library Current library Date acquired Full call number Barcode Date last seen Price effective from Koha item type
      UMT Main Campus UMT Main Campus 2017-08-01 ZIAC 297.082 SUL-H 111772 2017-08-01 2017-08-01 Books